الحملة الفرنسية على مصر فى ضوء مخطوط عثمانى / (Record no. 51188)
[ view plain ]
| 000 -الفاتح | |
|---|---|
| حقل البيانات ثابتة الطول | 00807nam a2200205Ia 4500 |
| 008 - عناصر البيانات ثابتة الطول - معلومات عامة | |
| حقل البيانات ثابتة الطول | 140319s9999 xx 000 0 ara d |
| 020 ## - الرقم الدولى المعيارى للكتب | |
| الرقم الدولى المعيارى للكتاب | 0602101977 |
| 040 ## - مصدر الفهرسة | |
| وكالة الفهرسة الأصلية | GCL / |
| وكالة النسخ | GCL |
| 082 04 - رقم تصنيف ديوى العشرى | |
| رقم التصنيف | ق |
| رقم المادة | 962.02 |
| -- | ع ح |
| 100 1# - المدخل الرئيسى - إسم شخصى | |
| الإسم الشخصى | عزت حسن افندى الدراندلى |
| 245 10 - بيان العنوان | |
| العنوان | الحملة الفرنسية على مصر فى ضوء مخطوط عثمانى / |
| بيان المسئوليه,etc | عزت حسن افندى الدراندلى |
| 260 ## - PUBLICATION, DISTRIBUTION, ETC. (IMPRINT) | |
| تاريخ النشر أو التوزيع | 1999 |
| 300 ## - الوصف المادى | |
| التعداد | 518 ص ؛ |
| أبعاد الوعاء | 16 سم |
| 490 ## - بيان السلسلة | |
| عنوان السلسلة | تاريخ المصريين |
| رقم المجلد/ التعيين التسلسلي | 134 |
| 650 04 - المدخل الاضافى بالموضوع-مصطلح موضوعى | |
| مصطلح موضوعي | مصر - تاريخ - الحملة الفرنسية (1798-1801م) |
| 650 04 - المدخل الاضافى بالموضوع-مصطلح موضوعى | |
| مصطلح موضوعي | الحملة الفرنسية |
| 650 04 - المدخل الاضافى بالموضوع-مصطلح موضوعى | |
| مصطلح موضوعي | المخطوطات العثمانية |
| 942 ## - عناصر المدخل الإضافي( كوها) | |
| مصدر التصنيف او مخطط الترفيف | Dewey Decimal Classification |
| Koha [default] item type | كتاب |
| 260 ## - PUBLICATION, DISTRIBUTION, ETC. (IMPRINT) | |
| -- | القاهرة : |
| -- | الهيئة المصرية العامة للكتاب ، |
| حالة التراجع | حالة الفقد | حالة تلف | ليس للاعارة | المكان المؤقت | الموقع الحالى | تاريخ الاكتساب | اجمالي اﻻعارات | رقم الطلب | الباركود | تاريخ اخر مشاهدة | تاريخ تفعيل السعر | نوع وعاء كوها |
|---|---|---|---|---|---|---|---|---|---|---|---|---|
| مكتبة القاهرة الكبرى | مكتبة القاهرة الكبرى | 03/26/2014 | ق\962.02\ع ح | 122721 | 03/26/2014 | 03/26/2014 | كتاب | |||||
| مكتبة القاهرة الكبرى | مكتبة القاهرة الكبرى | 03/26/2014 | ق\962.02\ع ح | 122722 | 03/26/2014 | 03/26/2014 | كتاب | |||||
| مكتبة القاهرة الكبرى | مكتبة القاهرة الكبرى | 03/26/2014 | ق\962.02\ع ح | 122723 | 03/26/2014 | 03/26/2014 | كتاب |

